[Event "Satka Autumn op (Women)"]
[Site "Satka"]
[Date "2021.09.04"]
[Round "5"]
[White "Mironenko, Galina"]
[Black "Loskutova, Viktoriya"]
[Result "0-1"]
[WhiteElo "1998"]
[BlackElo "2166"]
[PlyCount "94"]
[EventDate "2021.08.31"]
[EventType "swiss"]
[EventRounds "9"]
[EventCountry "RUS"]
[SourceTitle "CBM 204 Extra"]
[Source "ChessBase"]
[SourceDate "2021.11.30"]
[SourceVersion "1"]
[SourceVersionDate "2021.11.30"]
[SourceQuality "1"]

1. e4 c5 2. Nc3 d6 3. d4 cxd4 4. Qxd4 Nc6 5. Qd2 g6 6. b3 Bh6 7. f4 f5 8. Bb2 Nf6 9. exf5 Bxf5 10. Bb5 Qa5 11. Nge2 0-0-0 12. Bxc6 bxc6 13. Nd4 Bd7 14. 0-0-0 Rhf8 15. Kb1 e5 16. Nf3 Bg4 17. Qe2 Bxf4 18. Qc4 Kb7 19. b4 Qb6 20. a4 d5 21. Qb3 Ka8 22. a5 Qb7 23. Na4 Ne4 24. Qa3 Qb5 25. Nb6+ Kb7 26. Na4 Rfe8 27. Rde1 Bxf3 28. gxf3 Nd2+ 29. Ka1 Nc4 30. Qb3 Bd2 31. Nc3 Bxc3 32. Bxc3 Ka8 33. Rb1 Rf8 34. Be1 Rxf3 35. c3 Rdf8 36. h4 d4 37. Rd1 d3 38. h5 g5 39. Rg1 h6 40. Qa2 e4 41. Bg3 d2 42. Rxd2 Nxd2 43. Qxd2 e3 44. Qd6 Qa4+ 45. Kb2 Rf2+ 46. Bxf2 Rxf2+ 47. Kb1 Qc2+ 0-1

[Event "Satka Autumn op (Women)"]
[Site "Satka"]
[Date "2021.08.31"]
[Round "1"]
[White "Mironenko, Galina"]
[Black "Barsukova, Kira"]
[Result "1-0"]
[WhiteElo "1998"]
[BlackElo "1095"]
[PlyCount "45"]
[EventDate "2021.08.31"]
[EventType "swiss"]
[EventRounds "9"]
[EventCountry "RUS"]
[SourceTitle "CBM 204 Extra"]
[Source "ChessBase"]
[SourceDate "2021.11.30"]
[SourceVersion "1"]
[SourceVersionDate "2021.11.30"]
[SourceQuality "1"]

1. e4 c5 2. Nf3 a6 3. d4 cxd4 4. Nxd4 d6 5. Nc3 Nf6 6. g3 b5 7. Bg2 Bb7 8. a4 b4 9. Nd5 Nxd5 10. exd5 g6 11. 0-0 Bg7 12. a5 Qc7 13. Be3 0-0 14. Qd2 Qc4 15. Ra4 Bxd4 16. Bxd4 Nd7 17. Rxb4 Qc7 18. Qh6 f6 19. h4 Rf7 20. c3 Ne5 21. Bxe5 fxe5 22. h5 Rf6 23. Rg4 1-0

[Event "RUS-ch Higher League (Women) 71st"]
[Site "Cheboksary"]
[Date "2021.07.04"]
[Round "8"]
[White "Kostornichenko, Yana"]
[Black "Mironenko, Galina"]
[Result "1/2-1/2"]
[WhiteElo "1773"]
[BlackElo "1952"]
[PlyCount "155"]
[EventDate "2021.06.26"]
[EventType "swiss"]
[EventRounds "9"]
[EventCountry "RUS"]
[SourceTitle "CBM 203 Extra"]
[Source "ChessBase"]
[SourceDate "2021.09.30"]
[SourceVersion "1"]
[SourceVersionDate "2021.09.30"]
[SourceQuality "1"]

1. e4 c5 2. Nf3 Nc6 3. d4 cxd4 4. Nxd4 g6 5. Nc3 Bg7 6. Nb3 Nf6 7. Be2 d6 8. Be3 a6 9. a4 Be6 10. Nd4 Bd7 11. 0-0 0-0 12. Nxc6 Bxc6 13. f3 Qa5 14. Qd2 Rfe8 15. Rfd1 Rac8 16. Bc4 Nd7 17. Bd4 Qb4 18. Bxg7 Kxg7 19. Bb3 Nc5 20. Qd4+ Qxd4+ 21. Rxd4 Nxb3 22. cxb3 f5 23. Kf2 Kf6 24. Ke2 fxe4 25. fxe4 Ke5 26. Ke3 Rf8 27. Rc4 g5 28. Rc1 e6 29. Ne2 Rcd8 30. Nd4 Bxe4 31. Nxe6 Kxe6 32. Rxe4+ Kd7 33. Rc2 Rde8 34. Rxe8 Rxe8+ 35. Kd4 Rf8 36. Re2 h5 37. b4 Rf4+ 38. Kc3 b5 39. b3 g4 40. Rd2 Kc6 41. axb5+ axb5 42. Ra2 h4 43. Ra6+ Kc7 44. Ra7+ Kb6 45. Rg7 Kc6 46. Rg5 h3 47. gxh3 Rf3+ 48. Kd4 gxh3 49. Rh5 Rxb3 50. Rh7 Rf3 51. Rh4 Rb3 52. Rh7 Rxb4+ 53. Kc3 Rc4+ 54. Kb3 Kc5 55. Rxh3 b4 56. Rh8 Rc3+ 57. Kb2 Rf3 58. h4 d5 59. h5 Kc4 60. Rc8+ Kd4 61. h6 Rh3 62. Rh8 Kc4 63. Rc8+ Kd3 64. Rh8 d4 65. Kb3 Kd2+ 66. Kxb4 d3 67. h7 Rh4+ 68. Kb3 Rh3 69. Kb4 Rh1 70. Kb5 Rh4 71. Kb6 Rh5 72. Ka6 Rh3 73. Kb5 Rh4 74. Ka5 Rh3 75. Kb4 Kd1 76. Rd8 Rh4+ 77. Kc3 Rxh7 78. Rxd3+ 1/2-1/2

[Event "RUS-ch Higher League (Women) 71st"]
[Site "Cheboksary"]
[Date "2021.07.02"]
[Round "6"]
[White "Nosacheva, Mariya"]
[Black "Mironenko, Galina"]
[Result "1-0"]
[WhiteElo "2226"]
[BlackElo "1952"]
[PlyCount "111"]
[EventDate "2021.06.26"]
[EventType "swiss"]
[EventRounds "9"]
[EventCountry "RUS"]
[SourceTitle "CBM 203 Extra"]
[Source "ChessBase"]
[SourceDate "2021.09.30"]
[SourceVersion "1"]
[SourceVersionDate "2021.09.30"]
[SourceQuality "1"]

1. e4 c5 2. Nc3 Nc6 3. g3 g6 4. d3 Bg7 5. Bg2 d6 6. f4 Nf6 7. Nf3 0-0 8. 0-0 Nd4 9. h3 e5 10. f5 Re8 11. g4 Rb8 12. g5 Nh5 13. f6 Bf8 14. Nd5 Ne6 15. Nh2 b5 16. Ng4 Bb7 17. h4 Bxd5 18. exd5 Nef4 19. Kh2 Nxg2 20. Kxg2 e4 21. dxe4 Rxe4 22. Qf3 Qe8 23. Bd2 Rd4 24. Rad1 Qd7 25. Kh3 Re8 26. c3 Rde4 27. Rde1 Nf4+ 28. Qxf4 Rxf4 29. Bxf4 Rxe1 30. Rxe1 h5 31. gxh6 Qf5 32. Kg3 Qd3+ 33. Re3 Qd1 34. Nf2 Qg1+ 35. Kf3 g5 36. Bxg5 Qb1 37. Re8 Qxb2 38. Rxf8+ Kxf8 39. h7 Qxc3+ 40. Kg4 Qd4+ 41. Kh5 Ke8 42. h8Q+ Kd7 43. Qa8 Qxf2 44. Qc6+ Kd8 45. Qxd6+ Kc8 46. Qf8+ Kc7 47. Qxf7+ Kb6 48. Qe6+ Ka5 49. f7 c4 50. Bd8+ Kb4 51. Be7+ Kc3 52. f8Q Qxf8 53. Bxf8 b4 54. Qe3+ Kb2 55. Bxb4 Kxa2 56. d6 1-0

[Event "RUS-ch Higher League (Women) 71st"]
[Site "Cheboksary"]
[Date "2021.06.28"]
[Round "3"]
[White "Mironenko, Galina"]
[Black "Miroshnik, Ekaterina"]
[Result "1-0"]
[WhiteElo "1952"]
[BlackElo "2234"]
[PlyCount "77"]
[EventDate "2021.06.26"]
[EventType "swiss"]
[EventRounds "9"]
[EventCountry "RUS"]
[SourceTitle "CBM 203 Extra"]
[Source "ChessBase"]
[SourceDate "2021.09.30"]
[SourceVersion "1"]
[SourceVersionDate "2021.09.30"]
[SourceQuality "1"]

1. d4 d6 2. e4 g6 3. Nc3 Bg7 4. g3 Nd7 5. Bg2 e5 6. Nge2 Ne7 7. 0-0 0-0 8. Bg5 h6 9. Be3 Nc6 10. h3 exd4 11. Nxd4 Nde5 12. Nxc6 bxc6 13. Qc1 Kh7 14. f4 Nc4 15. Bf2 Rb8 16. Bxa7 Rxb2 17. e5 Rb7 18. Bf2 Bd7 19. Ne4 Qc8 20. Kh2 Rb8 21. Nf6+ Bxf6 22. exf6 c5 23. Re1 Re8 24. Bd5 Rxe1 25. Qxe1 Be6 26. Bxe6 Qxe6 27. Qxe6 fxe6 28. Re1 e5 29. Re4 d5 30. Rxc4 dxc4 31. fxe5 Kg8 32. e6 Rb5 33. a4 Ra5 34. Be3 g5 35. h4 Rxa4 36. hxg5 hxg5 37. Bxg5 Ra6 38. f7+ Kg7 39. Bh6+ 1-0

[Event "RUS-chT (Women)"]
[Site "Sochi"]
[Date "2021.05.05"]
[Round "5.3"]
[White "Yakimova, Mariya"]
[Black "Mironenko, Galina"]
[Result "1/2-1/2"]
[WhiteElo "2217"]
[BlackElo "1990"]
[PlyCount "114"]
[EventDate "2021.05.01"]
[EventType "team-tourn"]
[EventRounds "9"]
[EventCountry "RUS"]
[SourceTitle "CBM 202 Extra"]
[Source "ChessBase"]
[SourceDate "2021.07.31"]
[SourceVersion "1"]
[SourceVersionDate "2021.07.31"]
[SourceQuality "1"]
[WhiteTeam "Tatarstan Ladya (W)"]
[BlackTeam "Cheliabinsk Yuzhnyy Ural (W) II"]
[WhiteTeamCountry "RUS"]
[BlackTeamCountry "RUS"]

1. d4 e6 2. c4 f5 3. g3 Nf6 4. Bg2 Bb4+ 5. Bd2 Bxd2+ 6. Nxd2 0-0 7. Ngf3 d6 8. 0-0 Nc6 9. Qc2 e5 10. dxe5 dxe5 11. e4 f4 12. gxf4 exf4 13. e5 Ng4 14. Rfe1 Bf5 15. Qc3 Qe7 16. h3 Nh6 17. Nb3 Rad8 18. Nbd4 Nxd4 19. Nxd4 c5 20. Nxf5 Nxf5 21. Bd5+ Kh8 22. Re4 Nd4 23. Kh2 Qh4 24. Rf1 Qh5 25. Rxd4 cxd4 26. Qxd4 Rf5 27. e6 Qh6 28. Re1 Re8 29. Bxb7 Rh5 30. Qd3 Qf6 31. Qd7 Rg8 32. Bf3 Qh4 33. Kg1 Rg5+ 34. Kf1 Qxh3+ 35. Ke2 Re5+ 36. Kd2 Rxe1 37. Kxe1 Qxf3 38. e7 Qe4+ 39. Kd2 f3 40. c5 Qf4+ 41. Kd3 Qe5 42. c6 Qe2+ 43. Kc3 Qe1+ 44. Kc4 Qe4+ 45. Kc3 Qe5+ 46. Kd3 g6 47. b3 Qe2+ 48. Kc3 Qe1+ 49. Kc4 Qc1+ 50. Kd3 Qd1+ 51. Kc3 Qe1+ 52. Kc4 Qe2+ 53. Kc3 Qe5+ 54. Kc4 Qf4+ 55. Kc3 Qc1+ 56. Kd3 Qf1+ 57. Kc3 Qe1+ 1/2-1/2

[Event "Cheliabinsk Variant Gp-A"]
[Site "Cheliabinsk"]
[Date "2021.03.28"]
[Round "7"]
[White "Mironenko, Galina"]
[Black "Ovod, Evgenija"]
[Result "0-1"]
[WhiteElo "2041"]
[BlackElo "2341"]
[PlyCount "194"]
[EventDate "2021.03.23"]
[EventType "swiss"]
[EventRounds "10"]
[EventCountry "RUS"]
[SourceTitle "CBM 202 Extra"]
[Source "ChessBase"]
[SourceDate "2021.07.31"]
[SourceVersion "1"]
[SourceVersionDate "2021.07.31"]
[SourceQuality "1"]

1. d4 d5 2. c4 e6 3. Nf3 Nf6 4. Nc3 c5 5. cxd5 Nxd5 6. e4 Nxc3 7. bxc3 cxd4 8. cxd4 Bb4+ 9. Bd2 Bxd2+ 10. Qxd2 0-0 11. Be2 b6 12. 0-0 Bb7 13. Qf4 Nc6 14. Rad1 Ne7 15. Rfe1 Rc8 16. Bf1 Qc7 17. Qg4 Ng6 18. Ng5 Qf4 19. Qxf4 Nxf4 20. g3 Ng6 21. Rd2 Rfd8 22. Bg2 Rc4 23. Red1 h6 24. Nh3 e5 25. d5 Nf8 26. f4 Nd7 27. Nf2 f6 28. fxe5 Nxe5 29. Nd3 Nf7 30. Nf4 Bc8 31. Rd4 Rxd4 32. Rxd4 Bd7 33. Rc4 Rc8 34. Rxc8+ Bxc8 35. Kf2 Ne5 36. h3 g5 37. Ne2 Kf7 38. Ke3 Ke7 39. Kd4 Kd6 40. Nc3 a6 41. Nd1 h5 42. Ne3 b5 43. Nc2 h4 44. gxh4 gxh4 45. Ne3 Ng6 46. Ng4 Bxg4 47. hxg4 Ne5 48. Bh3 Nf3+ 49. Ke3 Ng5 50. Bg2 Ke5 51. d6 Ne6 52. d7 Kd6 53. d8Q+ Nxd8 54. Kf4 Nf7 55. Kf5 Ke7 56. Bf1 Nd6+ 57. Kf4 Nc4 58. g5 fxg5+ 59. Kxg5 Nd2 60. Bg2 h3 61. Bh1 b4 62. Kf4 a5 63. Ke3 Nf1+ 64. Kd4 Ng3 65. Bf3 Ke6 66. Bg4+ Kd6 67. Bxh3 Ne2+ 68. Kc4 Nc1 69. Bg4 Nxa2 70. Kb5 b3 71. Bd1 Nc3+ 72. Kc4 Nxd1 73. Kxb3 Kc5 74. e5 Ne3 75. e6 Nf5 76. Ka4 Kb6 77. Ka3 Kb5 78. Kb3 Ne7 79. Ka3 Nc6 80. Ka2 Kc5 81. Ka3 Kd6 82. e7 Kxe7 83. Ka4 Kd6 84. Kb5 Kd5 85. Ka4 Kc4 86. Ka3 Kb5 87. Kb3 a4+ 88. Ka3 Nd4 89. Ka2 Kb4 90. Kb2 a3+ 91. Ka2 Ka4 92. Ka1 Kb3 93. Kb1 a2+ 94. Kc1 a1Q+ 95. Kd2 Qc3+ 96. Kd1 Qc2+ 97. Ke1 Qe2# 0-1

[Event "RUS-ch Higher League (Women) 70th"]
[Site "Sochi"]
[Date "2020.10.08"]
[Round "1"]
[White "Mironenko, Galina"]
[Black "Solozhenkina, Elizaveta"]
[Result "1/2-1/2"]
[WhiteElo "2061"]
[BlackElo "2301"]
[PlyCount "92"]
[EventDate "2020.10.08"]
[EventType "swiss"]
[EventRounds "9"]
[EventCountry "RUS"]
[SourceTitle "CBM 198 Extra"]
[Source "ChessBase"]
[SourceDate "2020.11.30"]
[SourceVersion "1"]
[SourceVersionDate "2020.11.30"]
[SourceQuality "1"]

1. e4 e6 2. d4 d5 3. Bd3 dxe4 4. Bxe4 Nf6 5. Bf3 c5 6. Ne2 Nc6 7. Be3 cxd4 8. Nxd4 Ne5 9. Nc3 a6 10. Qe2 Bb4 11. 0-0 Nxf3+ 12. Nxf3 0-0 13. Bg5 Be7 14. Rad1 Qc7 15. Ne4 Nxe4 16. Bxe7 Nc3 17. Qd2 Qxe7 18. Qxc3 f6 19. Qb3 Kh8 20. Rfe1 e5 21. Nd4 Qd7 22. Ne2 Qc6 23. Qb4 Bf5 24. c4 a5 25. Qb5 Qxb5 26. cxb5 Rfd8 27. f3 Kg8 28. Kf2 Kf7 29. Ke3 a4 30. g4 Be6 31. Nc3 Bc4 32. Ke4 Ke6 33. f4 Rxd1 34. Rxd1 b6 35. fxe5 fxe5 36. Nd5 Rf8 37. Nc7+ Ke7 38. Kxe5 Rc8 39. Nd5+ Bxd5 40. Rxd5 Rc2 41. Rd4 Rxb2 42. Rxa4 Rxb5+ 43. Ke4 h5 44. h4 Kd6 45. gxh5 Rxh5 46. Kf3 g5 1/2-1/2

[Event "Khanty-Mansiysk Governor Cup 15th"]
[Site "Khanty-Mansiysk"]
[Date "2019.11.24"]
[Round "8"]
[White "Mironenko, Galina"]
[Black "Voskresenskaya, Marta"]
[Result "0-1"]
[WhiteElo "2236"]
[BlackElo "1859"]
[PlyCount "84"]
[EventDate "2019.11.19"]
[EventType "swiss"]
[EventRounds "9"]
[EventCountry "RUS"]
[SourceTitle "CBM 193 Extra"]
[Source "ChessBase"]
[SourceDate "2020.01.31"]
[SourceVersion "1"]
[SourceVersionDate "2020.01.31"]
[SourceQuality "1"]

1. d4 d5 2. c4 c6 3. Nf3 Nf6 4. Nc3 e6 5. e3 Nbd7 6. Bd3 dxc4 7. Bxc4 b5 8. Bd3 a6 9. 0-0 Bd6 10. a3 c5 11. Re1 Bb7 12. e4 cxd4 13. Nxd4 Ne5 14. Be2 0-0 15. Bg5 h6 16. Bh4 Ng6 17. Bg3 Bxg3 18. hxg3 Qb6 19. Nb3 Nxe4 20. Nxe4 Bxe4 21. Qd2 Rfd8 22. Qb4 Bd3 23. Bxd3 Rxd3 24. Nc5 Rd5 25. Na4 Qa7 26. Nc3 Rd4 27. Qb3 Rad8 28. a4 bxa4 29. Rxa4 Rxa4 30. Nxa4 Rd2 31. Rf1 Qd4 32. Nc3 Ne5 33. Qb7 Ng4 34. Qa8+ Kh7 35. Qf3 Rxb2 36. Ne2 Qc4 37. Re1 a5 38. Kh1 a4 39. Kg1 Rc2 40. Nf4 Rc1 41. Rd1 Qc2 42. Rf1 Rxf1+ 0-1

[Event "Khanty-Mansiysk Governor Cup 15th"]
[Site "Khanty-Mansiysk"]
[Date "2019.11.22"]
[Round "5"]
[White "Mironenko, Galina"]
[Black "Kochukova, Anna"]
[Result "1/2-1/2"]
[WhiteElo "2236"]
[BlackElo "2117"]
[PlyCount "153"]
[EventDate "2019.11.19"]
[EventType "swiss"]
[EventRounds "9"]
[EventCountry "RUS"]
[SourceTitle "CBM 193 Extra"]
[Source "ChessBase"]
[SourceDate "2020.01.31"]
[SourceVersion "1"]
[SourceVersionDate "2020.01.31"]
[SourceQuality "1"]

1. e4 c5 2. Nf3 e6 3. g3 Nc6 4. Bg2 g6 5. d4 cxd4 6. Nxd4 a6 7. Nc3 Bg7 8. Be3 Nge7 9. 0-0 0-0 10. Nde2 d6 11. Qc1 b5 12. Rd1 Qc7 13. a3 Rd8 14. Bg5 Bb7 15. h4 h5 16. Bh6 Bh8 17. Nf4 Ne5 18. Nce2 Rdc8 19. c3 Ng4 20. Nh3 Nxh6 21. Qxh6 Bg7 22. Qf4 d5 23. exd5 Nxd5 24. Qxc7 Rxc7 25. Nhf4 Nb6 26. Bxb7 Rxb7 27. Nd3 Rc8 28. Kf1 Kf8 29. Nd4 Bxd4 30. cxd4 a5 31. b3 Nd5 32. Rac1 Rbc7 33. Rxc7 Rxc7 34. Rc1 Rxc1+ 35. Nxc1 Nc3 36. Ke1 a4 37. Kd2 Ne4+ 38. Ke3 axb3 39. Nxb3 Nd6 40. Nd2 Ke7 41. Kd3 Kd7 42. Nb1 Kc6 43. Nd2 Kb6 44. Kc3 Ka5 45. Kb3 Nf5 46. Nf3 f6 47. Kc3 Ka4 48. Kb2 Nd6 49. Nd2 g5 50. f3 gxh4 51. gxh4 Nf5 52. Ne4 Nxh4 53. Nxf6 Nxf3 54. Nxh5 Nxd4 55. Nf4 e5 56. Nd3 Nc6 57. Nc5+ Ka5 58. Kb3 Kb6 59. Nd7+ Ka5 60. Nc5 Nd4+ 61. Kc3 Nf5 62. Kb3 Ne7 63. a4 b4 64. Nb7+ Kb6 65. Nd6 Nc6 66. Ne4 Kc7 67. Kc4 Kb6 68. Kb3 Ka5 69. Nc5 Nd4+ 70. Kc4 Nf3 71. Kb3 Nd2+ 72. Kc2 Nc4 73. Kb3 Nd2+ 74. Kc2 Nf3 75. Kb3 Ne1 76. Kc4 Nf3 77. Kb3 1/2-1/2

[Event "Khanty-Mansiysk Governor Cup 15th"]
[Site "Khanty-Mansiysk"]
[Date "2019.11.21"]
[Round "4"]
[White "Mukhina, Jana"]
[Black "Mironenko, Galina"]
[Result "1/2-1/2"]
[WhiteElo "2105"]
[BlackElo "2236"]
[PlyCount "60"]
[EventDate "2019.11.19"]
[EventType "swiss"]
[EventRounds "9"]
[EventCountry "RUS"]
[SourceTitle "CBM 193 Extra"]
[Source "ChessBase"]
[SourceDate "2020.01.31"]
[SourceVersion "1"]
[SourceVersionDate "2020.01.31"]
[SourceQuality "1"]

1. d4 Nf6 2. c4 e6 3. a3 d5 4. Nc3 Be7 5. Bg5 h6 6. Bh4 b6 7. cxd5 Nxd5 8. Bxe7 Qxe7 9. Nxd5 exd5 10. Qa4+ c6 11. e3 0-0 12. Bd3 c5 13. Ne2 Bd7 14. Bb5 a6 15. Bxd7 Nxd7 16. 0-0 Qd6 17. dxc5 bxc5 18. Rfd1 Nf6 19. Rac1 Rfd8 20. Rc2 Rab8 21. Rcd2 Qe5 22. Nc3 Rd6 23. Qa5 Rc8 24. h3 Kh8 25. Rd3 Kg8 26. R3d2 Kh8 27. Rc2 Qh5 28. Rcd2 Qe5 29. Rd3 Kg8 30. R3d2 Kh8 1/2-1/2

[Event "RUS-chT rapid (Women)"]
[Site "Sochi"]
[Date "2019.10.19"]
[Round "9.3"]
[White "Mironenko, Galina"]
[Black "Belenkaya, Dina"]
[Result "1/2-1/2"]
[WhiteElo "2236"]
[BlackElo "2300"]
[PlyCount "140"]
[EventDate "2019.10.18"]
[EventType "team-tourn (rapid)"]
[EventRounds "9"]
[EventCountry "RUS"]
[SourceTitle "CBM 192 Extra"]
[Source "Chessbase"]
[SourceDate "2019.11.06"]
[SourceVersion "1"]
[SourceVersionDate "2019.11.06"]
[SourceQuality "1"]
[WhiteTeam "South Ural Cheliabinsk (W)"]
[BlackTeam "SSOR for Chess and Drafts (W)"]
[WhiteTeamCountry "RUS"]
[BlackTeamCountry "RUS"]

1. e4 d5 2. exd5 Qxd5 3. Nc3 Qa5 4. d4 c6 5. g3 g6 6. Bg2 Bg7 7. Nge2 Nf6 8. 0-0 0-0 9. a3 Bg4 10. h3 Be6 11. Re1 Re8 12. b4 Qd8 13. Bg5 h6 14. Bxf6 exf6 15. d5 cxd5 16. Nxd5 f5 17. Rc1 Nc6 18. c4 Rc8 19. Qb3 h5 20. Red1 h4 21. c5 Qg5 22. gxh4 Qxh4 23. Rc4 Qh6 24. Nef4 Rcd8 25. Nxe6 fxe6 26. Nc7 Nd4 27. Rcxd4 Rxd4 28. Rxd4 Bxd4 29. Nxe8 Qc1+ 30. Bf1 Qg5+ 31. Bg2 Qc1+ 32. Bf1 Qg5+ 33. Kh1 Kf7 34. Nd6+ Kf6 35. Qf3 Qc1 36. Kg2 Qg5+ 37. Kh1 Qc1 38. Kg2 Qg5+ 39. Qg3 Qd2 40. Ne8+ Kf7 41. Nd6+ Kf6 42. Nxb7 g5 43. c6 Bb6 44. Qf3 e5 45. c7 e4 46. Qg3 f4 47. c8Q fxg3 48. Qf8+ Kg6 49. Qg8+ Kh6 50. Qf8+ Kg6 51. Qe8+ Kf6 52. Qf8+ Kg6 53. Kxg3 e3 54. Qe8+ Kh6 55. Qe6+ Kh5 56. Qf7+ Kh6 57. Qf6+ Kh7 58. Qf5+ Kh6 59. Qe6+ Kg7 60. Qe5+ Kg6 61. Qe6+ Kg7 62. Qe7+ Kg6 63. Qe4+ Kf6 64. Qf3+ Kg6 65. Qe4+ Kh6 66. fxe3 Bc7+ 67. Kg4 Qd1+ 68. Qf3 Qd7+ 69. Qf5 Qd1+ 70. Qf3 Qd7+ 1/2-1/2

[Event "Satka Autumn op (Women)"]
[Site "Satka"]
[Date "2019.09.24"]
[Round "6"]
[White "Bykova, Anastasia"]
[Black "Mironenko, Galina"]
[Result "0-1"]
[WhiteElo "2259"]
[BlackElo "1982"]
[PlyCount "114"]
[EventDate "2019.09.19"]
[EventType "swiss"]
[EventRounds "9"]
[EventCountry "RUS"]
[SourceTitle "EXT 2020"]
[Source "ChessBase"]
[SourceDate "2019.10.17"]
[SourceVersion "1"]
[SourceVersionDate "2019.10.17"]
[SourceQuality "1"]

1. d4 Nf6 2. Nf3 e6 3. Bf4 b6 4. e3 Bb7 5. Nbd2 Be7 6. h3 d5 7. c3 Nbd7 8. Bd3 c5 9. 0-0 0-0 10. Qe2 Ne4 11. Ne5 Nxe5 12. dxe5 Nxd2 13. Qxd2 Qd7 14. Qc2 g6 15. Qe2 Bc6 16. Rfd1 Rfd8 17. Qg4 f5 18. exf6 Bxf6 19. e4 e5 20. exd5 Qxg4 21. hxg4 Bxd5 22. Bg3 Kg7 23. f3 h6 24. Kf2 a6 25. Bc2 b5 26. a3 Rac8 27. Rd2 e4 28. Rad1 Bc6 29. Bxe4 Bxe4 30. Rd7+ Kg8 31. fxe4 Bd4+ 32. cxd4 Rxd7 33. d5 c4 34. e5 Rc5 35. d6 Kf7 36. Ke3 Ke6 37. Rf1 Rxe5+ 38. Bxe5 Kxe5 39. Rh1 Rxd6 40. Rxh6 Rd3+ 41. Ke2 Kf6 42. Rh7 Rb3 43. Ra7 Rxb2+ 44. Ke1 c3 45. Rxa6+ Ke5 46. Kd1 Kd4 47. Rxg6 Kc4 48. Rb6 Rxg2 49. Kc1 Rxg4 50. Rb8 Rg1+ 51. Kc2 Rg2+ 52. Kb1 Rb2+ 53. Ka1 Kd3 54. Rd8+ Kc2 55. Rd4 b4 56. axb4 Kb3 57. Rd3 Rd2 0-1

[Event "Satka Autumn op (Women)"]
[Site "Satka"]
[Date "2019.09.20"]
[Round "2"]
[White "Mironenko, Galina"]
[Black "Prudnikova, Svetlana"]
[Result "1-0"]
[WhiteElo "1982"]
[BlackElo "2234"]
[PlyCount "122"]
[EventDate "2019.09.19"]
[EventType "swiss"]
[EventRounds "9"]
[EventCountry "RUS"]
[SourceTitle "EXT 2020"]
[Source "ChessBase"]
[SourceDate "2019.10.17"]
[SourceVersion "1"]
[SourceVersionDate "2019.10.17"]
[SourceQuality "1"]

1. e4 e5 2. Nf3 Nc6 3. Bc4 Bc5 4. 0-0 Nf6 5. d3 0-0 6. Bg5 h6 7. Bh4 Be7 8. c3 d6 9. Bb3 Be6 10. Bc2 d5 11. Nbd2 dxe4 12. dxe4 a6 13. a4 Nd7 14. Bxe7 Qxe7 15. Qe2 Rfd8 16. b4 a5 17. b5 Ncb8 18. Rfd1 Bg4 19. h3 Bxf3 20. Qxf3 Nb6 21. Nf1 N8d7 22. Ne3 g6 23. Qg3 Qg5 24. Qxg5 hxg5 25. Nd5 Nxd5 26. Rxd5 Kf8 27. Rad1 Ke7 28. c4 b6 29. c5 Nxc5 30. Rxe5+ Ne6 31. Red5 Rxd5 32. exd5 Nc5 33. g3 Kd6 34. f4 gxf4 35. gxf4 Rh8 36. Kg2 Rh5 37. f5 g5 38. Re1 Rh4 39. Re8 Rd4 40. Kf3 Rf4+ 41. Ke3 Rh4 42. f6 Rxh3+ 43. Kd4 Rh4+ 44. Ke3 Rf4 45. Rg8 Rxf6 46. Rxg5 Rf1 47. Rh5 f6 48. Rh7 Re1+ 49. Kd4 Re5 50. Rf7 Rxd5+ 51. Kc4 Rd2 52. Kc3 Rf2 53. Rf8 Rf4 54. Rf7 Rf3+ 55. Kd2 Rf1 56. Ke2 Rf4 57. Ke3 Rc4 58. Kd2 Ke6 59. Rh7 Ne4+ 60. Bxe4 Rxe4 61. Rxc7 Kd5 1-0

[Event "Cheliabinsk Panchenko Memorial op"]
[Site "Cheliabinsk"]
[Date "2019.09.12"]
[Round "4"]
[White "Petrenko, Svetlana"]
[Black "Mironenko, Galina"]
[Result "0-1"]
[WhiteElo "2200"]
[BlackElo "1982"]
[PlyCount "76"]
[EventDate "2019.09.09"]
[EventType "swiss"]
[EventRounds "9"]
[EventCountry "RUS"]
[SourceTitle "EXT 2020"]
[Source "ChessBase"]
[SourceDate "2019.10.17"]
[SourceVersion "1"]
[SourceVersionDate "2019.10.17"]
[SourceQuality "1"]

1. d4 Nf6 2. g3 e6 3. Bg2 d5 4. Nf3 Be7 5. 0-0 0-0 6. b3 Nbd7 7. Nbd2 c6 8. Bb2 b6 9. c4 Bb7 10. e3 Rc8 11. Ne5 Nxe5 12. dxe5 Nd7 13. e4 dxc4 14. Nxc4 Ba6 15. Qc2 Qc7 16. f4 b5 17. Nd2 c5 18. Kh1 c4 19. bxc4 bxc4 20. Bc3 Rfd8 21. Rf3 Nc5 22. h4 Nd3 23. Kh2 Bc5 24. Qa4 Qc6 25. Qxc6 Rxc6 26. Rb1 Bd4 27. Bxd4 Rxd4 28. Rb8+ Bc8 29. Nxc4 Rcxc4 30. Bf1 Rc2+ 31. Kh3 Nc1 32. Ra3 h5 33. Rxa7 Rdd2 34. Bg2 Kh7 35. Rxc8 Rxc8 36. Bf3 Kh6 37. Rxf7 Rcc2 38. g4 Rc3 0-1

[Event "EU-ch U14 Girls"]
[Site "Bratislava"]
[Date "2019.08.10"]
[Round "9"]
[White "Zabrzanska, Weronika"]
[Black "Mironenko, Galina"]
[Result "0-1"]
[WhiteElo "1770"]
[BlackElo "1990"]
[PlyCount "94"]
[EventDate "2019.08.02"]
[EventType "swiss"]
[EventRounds "9"]
[EventCountry "SVK"]
[SourceTitle "EXT 2020"]
[Source "ChessBase"]
[SourceDate "2019.10.17"]
[SourceVersion "1"]
[SourceVersionDate "2019.10.17"]
[SourceQuality "1"]

1. e4 e6 2. d4 d5 3. exd5 exd5 4. Nf3 Nf6 5. Bd3 Be7 6. 0-0 Nc6 7. c3 Bg4 8. h3 Bh5 9. Bf4 Qd7 10. Nbd2 0-0-0 11. b4 g5 12. Qc2 Kb8 13. Bf5 Bg6 14. Bxg6 gxf4 15. Bf5 Qd6 16. a4 Rdg8 17. Kh1 Rg7 18. a5 h5 19. b5 Nd8 20. c4 dxc4 21. Nxc4 Qd5 22. b6 Nc6 23. bxc7+ Kxc7 24. Qe2 Qxf5 25. Nce5 Qe4 26. Qb2 Nb4 27. Rfe1 Qd5 28. a6 b6 29. Qc3+ Kb8 30. Nd3 Qc6 31. Qd2 Nbd5 32. Rac1 Qd6 33. Nde5 Nb4 34. Rc4 Nfd5 35. Rb1 f6 36. Nd3 Nxd3 37. Qxd3 Rhg8 38. Nh4 Qd7 39. Rbc1 Rg5 40. Qf3 Bd6 41. Rc6 Bc5 42. R6xc5 bxc5 43. Rb1+ Ka8 44. Qb3 c4 45. Qf3 c3 46. Rc1 Qc6 47. Qd1 Qxa6 0-1

[Event "EU-ch U14 Girls"]
[Site "Bratislava"]
[Date "2019.08.03"]
[Round "2"]
[White "Mironenko, Galina"]
[Black "Anacoglu, Cisel"]
[Result "0-1"]
[WhiteElo "1990"]
[BlackElo "1813"]
[PlyCount "114"]
[EventDate "2019.08.02"]
[EventType "swiss"]
[EventRounds "9"]
[EventCountry "SVK"]
[SourceTitle "EXT 2020"]
[Source "ChessBase"]
[SourceDate "2019.10.17"]
[SourceVersion "1"]
[SourceVersionDate "2019.10.17"]
[SourceQuality "1"]

1. d4 d5 2. c4 c6 3. Nf3 Nf6 4. Nc3 dxc4 5. a4 Bf5 6. e3 e6 7. Bxc4 Bb4 8. 0-0 Nbd7 9. Qe2 0-0 10. e4 Bg6 11. Bd3 a5 12. Bb1 Re8 13. e5 Nd5 14. Nxd5 cxd5 15. Bxg6 fxg6 16. Ne1 Nb8 17. Nd3 Qd7 18. Be3 Nc6 19. h4 Qf7 20. g3 Qf5 21. f3 Qf7 22. Nf4 Ne7 23. g4 Nc6 24. Qd3 Rac8 25. h5 Nxd4 26. hxg6 hxg6 27. Kg2 Nc2 28. Rac1 Nxe3+ 29. Qxe3 d4 30. Qxd4 Rxc1 31. Rxc1 Rf8 32. Nh3 Qxf3+ 33. Kh2 Qe2+ 34. Kh1 Be1 35. Ng1 Rf1 36. Qf4 g5 37. Rc8+ Kh7 38. Qh2+ Qxh2+ 39. Kxh2 Rf2+ 40. Kh3 Rxb2 41. Nf3 Bd2 42. Re8 Bf4 43. Rf8 Rf2 44. Nxg5+ Kg6 45. Rxf4 Rxf4 46. Nxe6 Rxa4 47. Nc5 b5 48. Nd7 Kf7 49. Nc5 Ra3+ 50. Kh4 b4 51. Kg5 b3 52. e6+ Ke7 53. Kg6 b2 54. Kxg7 b1Q 55. g5 Rg3 56. Ne4 Qxe4 57. Kh8 Rh3+ 0-1